000 00331 as a2200145 a 4500
001 62543
008 s 9999sw |||p r|||||||||||swe||
022 _a2002-6005
084 _a(p)
_2kssb/8
245 0 0 _aSjukhusläkaren
260 _a Stockholm
_bSjukhusläkarna
_c2001
310 _a6 nr / år
762 0 _w62546
762 0 _w65613
999 _c7244
_d7244